| 000 | 00685nam a22001937a 4500 | ||
|---|---|---|---|
| 005 | 20100804122956.0 | ||
| 010 | _aENG-98211 | ||
| 020 |
_a9788188132195 _c400.00 |
||
| 035 | _aEN-81744 | ||
| 037 | _bDBAD/PUB | ||
| 082 | _a614.4 | ||
| 100 |
_aKishore, J. _96748 |
||
| 245 |
_aPractical and Viva community medicine / _cby J. Kishore |
||
| 260 |
_aNew Delhi _bCentury Publications _c2010 |
||
| 270 |
_aPo. New Friends Colony Community Center _bNew Delhi _e110025 |
||
| 300 |
_a450 p. _b25cm (Pbk) |
||
| 942 |
_2ddc _cEN _h614.4 _mKIS |
||
| 999 |
_c39200 _d39200 |
||